Արածանի / (Record no. 171162)
[ view plain ]
| 000 -LEADER | |
|---|---|
| fixed length control field | 00817nas a2200217 a 4500 |
| 003 - CONTROL NUMBER IDENTIFIER | |
| control field | AM-YeHGA |
| 040 ## - CATALOGING SOURCE | |
| Original cataloging agency | AM-YeHGA |
| 090 ## - LOCALLY ASSIGNED LC-TYPE CALL NUMBER (OCLC); LOCAL CALL NUMBER (RLIN) | |
| -- | 172600 |
| 001 - CONTROL NUMBER | |
| control field | 000468783 |
| 005 - DATE AND TIME OF LATEST TRANSACTION | |
| control field | 20250617133808.0 |
| 008 - FIXED-LENGTH DATA ELEMENTS--GENERAL INFORMATION | |
| fixed length control field | 051219s1945 |||||| |||||||||||||arm|c |
| 041 0# - LANGUAGE CODE | |
| Language code of text/sound track or separate title | arm |
| 245 00 - TITLE STATEMENT | |
| Title | Արածանի / |
| Statement of responsibility, etc. | Խմբ.՝ Շաւարշ Միսաքեան. |
| 260 ## - PUBLICATION, DISTRIBUTION, ETC. | |
| Place of publication, distribution, etc. | Փարիզ : |
| Name of publisher, distributor, etc. | տպ. Արաքս, |
| Date of publication, distribution, etc. | 1945. |
| 300 ## - PHYSICAL DESCRIPTION | |
| Extent | համար. |
| 505 10 - FORMATTED CONTENTS NOTE | |
| Miscellaneous information | Գ. 1 (1945, ) : |
| -- | Անդաստան գրականության և պատմության պարբերագիրք. |
| Miscellaneous information | Գ. 2 (1945, 256 էջ) : |
| -- | Անդաստան ազգային եւ միջազգային մշակոյթի |
| 650 04 - SUBJECT ADDED ENTRY--TOPICAL TERM | |
| Topical term or geographic name entry element | Ամսագիր |
| 650 14 - SUBJECT ADDED ENTRY--TOPICAL TERM | |
| Topical term or geographic name entry element | Գրականություն |
| General subdivision | Պատմություն |
| 700 1# - ADDED ENTRY--PERSONAL NAME | |
| Personal name | Միսաքեան, Շաւարշ |
| Relator term | խմբ. |
| Relationship | edt |
| 942 ## - ADDED ENTRY ELEMENTS (KOHA) | |
| Source of classification or shelving scheme | Universal Decimal Classification |
| Koha item type | Շարունակական պաշար / Continuing Resource |
| Withdrawn status | Lost status | Damaged status | Not for loan | Collection | Home library | Current library | Date acquired | Serial enumeration / chronology | Total checkouts | Full call number | Barcode | Date last seen | Price effective from | Koha item type | Public note | Source of classification or shelving scheme |
|---|---|---|---|---|---|---|---|---|---|---|---|---|---|---|---|---|
| General | Fundamental Scientific Library | Fundamental Scientific Library | 28/12/2016 | 1945, № 1 | АЖ 452 | 50-78496 | 28/12/2016 | 28/12/2016 | Շարունակական պաշար / Continuing Resource | 30 Days Loan | ||||||
| General | Fundamental Scientific Library | Fundamental Scientific Library | 28/12/2016 | 1945, № 1-3 | АЖ 452 | 50-78497 | 28/12/2016 | 28/12/2016 | Շարունակական պաշար / Continuing Resource | 30 Days Loan | ||||||
| Alpoiajian Individual Collection | Fundamental Scientific Library | Fundamental Scientific Library | 29/07/2019 | 1945, գիրք 1,2,3 | Ալպ/4278 | FL0594774 | 29/07/2019 | 29/07/2019 | Շարունակական պաշար / Continuing Resource | ILL Non-Circ | Universal Decimal Classification |
ՀՀ Գիտությունների ազգային ակադեմիայի հիմնարար գիտական գրադարան = Fundamental Scientific Library of NAS RA
All site content, except where otherwise noted, is licensed under a